Statistics for Famous Sculptures by Description

Click here to take the quiz!

General Stats

  • This quiz has been taken 8,821 times
    (4,442 since last reset)
  • The average score is 12 of 20

Answer Stats

Hint Answer % Correct
Mountain with four U.S. PresidentsMt. Rushmore
98%
Welcomes immigrants to New YorkStatue of Liberty
96%
Half lion, half man near the pyramidsThe Sphinx
91%
Overlooks Rio de JaneiroChrist the Redeemer
85%
Considered Michaelangelo's triumphDavid
84%
Armless figure of a Greek goddessVenus de Milo
80%
Seated figure in the Washington MallLincoln Memorial
79%
Rodin's philosopherThe Thinker
76%
Fairy Tale character in CopenhagenThe Little Mermaid
74%
Torn down by U.S. troops in BaghdadSaddam Hussein
68%
Tall monument in Trafalgar Square{Nelson}'s Column
66%
Ancient wonder straddling a channelColossus of Rhodes
57%
Three of the world's four tallest statues
depict this person
Buddha
53%
Ancient Greek sculpture depicting
a throwing motion
Discobolus
42%
Mary cradling the dead body of JesusPietà
38%
Reflective statue in Chicago's
Millennium Park
Cloud Gate
37%
Uncompleted Native American
warrior near the above
Crazy Horse
31%
Scientific sculpture in Brussels{Atom}ium
30%
Name for the stone heads on
Easter Island
Moai
29%
Huge sword-wielding woman
in Volgograd
The {Motherland}
Calls
22%

Score Distribution

Percentile by Number Answered

Percent of People with Each Score

Your Score History

You have not taken this quiz since the last reset